000 00653nab a2200193 4500
001 244442
003 OSt
005 20240213135928.0
007 tu
008 200917s2020|||||||
040 _aDE-2950
_cDE-2950
245 0 0 _aA 12, Brücke und Bahnhof zu
_bProtest. Wie angekündigt haben Handwerker und Bauern am Montag stundenlang Straßen blockiert. An drei Stellen in der Stadt ging nichts mehr/
_cLisa Larossa, Felix Krone
264 _c2024
653 _aFrankfurt (Oder)
653 _aHandwerkerproteste
653 _aBauerndemo
773 0 _g35. Jahrgang (2024) Nr. 37 vom 13.02.2024, S. 13 mit Foto
_tMärkische Oderzeitung
942 _2z
_cA
999 _c372973
_d372973